| 000 | 00409nam a2200145 a 4500 | ||
|---|---|---|---|
| 001 | 2068 | ||
| 003 | CDMR | ||
| 005 | 20130318104436.0 | ||
| 008 | 130130s1997||||||||||||||||||||||||||||d | ||
| 040 |
_aCDMR _bcat _cCPC LLEIDA |
||
| 100 | 1 |
_aJiménez Catalan, Manuel _91538 |
|
| 245 | 1 | 3 |
_aLa imprenta en Lérida (1479-1917) _cJIMENEZ CATALAN, Manuel |
| 260 |
_aZaragoza _c1997 _bUniversitat de Lleida |
||
| 942 |
_cMON _2udc |
||
| 999 |
_c2068 _d2068 |
||